• 首页
  • 本馆介绍
  • 公告通知
  • 最新文献
  • 馆藏检索
  • 电子资源
  • 读者导购
  • 参考咨询
  • 我的图书馆
  • 登录
  • 详细信息显示
  • 放入我的书架
  • 预约/预借图书
  • 作者相关作品
  • 分类相关作品
  • 丛书相关作品
  • 出版社相关作品

书目信息

  • 表格格式
  • 工作单格式
  • 卡片格式
题名:
悖论
    
 
作者: 库恩佐 著 ;余渭深 , 王旭 译
分册:  
出版信息: 重庆   重庆大学出版社  2016
页数: 231页
开本: 18cm
丛书名: MIT新概念丛书
单 册:
中图分类: O144.2
科图分类:
主题词: 悖论--bei lun--研究
电子资源:
ISBN: 978-7-5624-9636-6
000 01152nam0 22003011 450
001 1754508418
005 20170516112211.0
010    @a978-7-5624-9636-6@dCNY28.00
100    @a20160601d2016 em y0chiy50 ea
101 1  @achi@ceng
102    @aCN@b500000
105    @aa z 000yy
106    @ar
200 1  @a悖论@9bei lun@dParadox@f(美)玛格丽特·库恩佐(Margaret Cuonzo)著@g余渭深,王旭译@zeng
210    @a重庆@c重庆大学出版社@d2016
215    @a231页@c图@d18cm
225 2  @aMIT新概念丛书@9MITxin gai nian cong shu
300    @a懒蚂蚁
330    @a本书对“悖论”这一概念进行了深度解读,不仅列举了很多有趣的悖论谜题,更提出了如何破解这些谜题的方法。为了让读者更充分的理解悖论是什么,悖论是如何产生的,作者介绍了主观概率等专业术语和众多关于悖论的经典案例,研讨了多种悖论的思维模式。
461  0 @12001 @aMIT新概念丛书
510 1  @aParadox@zeng
606 0  @a悖论@9bei lun@x研究
690    @aO144.2@v5
701  0 @c(美)@a库恩佐@9ku en zuo@c(女,Cuonzo, Margaret)@4著
702  0 @a余渭深@9yu wei shen@c(英语教授)@4译
702  0 @a王旭@9wang xu@c(大学外语)@4译
801  0 @aCN@b百万庄@c20170512
905    @b1005774-9@dO144.2@e114@f6
    
    悖论=Paradox/(美)玛格丽特·库恩佐(Margaret Cuonzo)著/余渭深,王旭译.-重庆:重庆大学出版社,2016
    231页:图;18cm.-(MIT新概念丛书)
    懒蚂蚁
    
    ISBN 978-7-5624-9636-6:CNY28.00
    本书对“悖论”这一概念进行了深度解读,不仅列举了很多有趣的悖论谜题,更提出了如何破解这些谜题的方法。为了让读者更充分的理解悖论是什么,悖论是如何产生的,作者介绍了主观概率等专业术语和众多关于悖论的经典案例,研讨了多种悖论的思维模式。
●
相关链接 在E读中查询图书 在五车中查询图书 在当当中查询图书 在豆瓣中查询图书


正题名:悖论     索取号:O144.2/114         预约/预借

序号 登录号 条形码 馆藏地/架位号 状态 备注
1 1005774   210057748   第二样本阅览室/ [索取号:O144.2/114] 在馆    
2 1005775   210057757   教育系资料室/ [索取号:O144.2/114] 在馆    
3 1005776   210057766   教育系资料室/ [索取号:O144.2/114] 在馆    
4 1005777   210057775   教育系资料室/ [索取号:O144.2/114] 在馆    
5 1005778   210057784   第三借阅区/ [索取号:O144.2/114] 在馆    
6 1005779   210057793   第三借阅区/ [索取号:O144.2/114] 在馆    
唐山师范学院图书馆 欢迎您!
大连网信软件有限公司© 版权所有